عرض عادي
عرض مارك
- Ray, Supryia M.
مدخل إسم شخص
001 - رقم الضبط
- حقل الضبط: 4234
003 - معرف رقم الضبط
- حقل الضبط: OSt
005 - تاريخ ووقت أخر عملية
- حقل الضبط: 20110910141255.0
008 - عناصر بيانات ثابتة الطول
- حقل تحكم ثابت الطول: 110910|||a|||||| | ||| d
040 ## - مصدر الفهرسة
- هيئة الفهرسة الأصلية: OSt
- وكالة الكتابة: OSt
100 ## - مدخل -- أسم شخص
- إسم شخص: Ray, Supryia M.
670 ## - بيانات المصدر موجوده
- الاستشهاد بالمصدر: Work cat.: (OSt)0: Murfin, Ross C. 4231, The Bedford glossary of critical and literary terms /, 2009.
